Project Management : (Record no. 16600)
[ view plain ]
| 000 -LEADER | |
|---|---|
| fixed length control field | 02544cam a2200421 a 4500 |
| 001 - CONTROL NUMBER | |
| control field | 16056066 |
| 005 - DATE AND TIME OF LATEST TRANSACTION | |
| control field | 20110816142404.0 |
| 008 - FIXED-LENGTH DATA ELEMENTS--GENERAL INFORMATION | |
| fixed length control field | 100115s2011 nyua b 001 0 eng |
| 020 ## - INTERNATIONAL STANDARD BOOK NUMBER | |
| International Standard Book Number | 0071289291 (pbk.) |
| 020 ## - INTERNATIONAL STANDARD BOOK NUMBER | |
| International Standard Book Number | 9780071289290 (pbk.) |
| 040 ## - CATALOGING SOURCE | |
| Original cataloging agency | DLC |
| Transcribing agency | DLC |
| Modifying agency | YDX |
| -- | BTCTA |
| -- | YDXCP |
| -- | BWX |
| -- | UKM |
| -- | UKWOH |
| -- | HNW |
| -- | DLC |
| 082 00 - DEWEY DECIMAL CLASSIFICATION NUMBER | |
| Classification number | 658.404 |
| Edition number | 22 |
| Item number | LAR |
| 100 1# - MAIN ENTRY--PERSONAL NAME | |
| Personal name | Larson, Erik W., |
| Dates associated with a name | 1952- |
| 9 (RLIN) | 29441 |
| 245 10 - TITLE STATEMENT | |
| Title | Project Management : |
| Remainder of title | the Managerial Process / |
| Statement of responsibility, etc | Erik W. Larson, Clifford F. Gray. |
| 250 ## - EDITION STATEMENT | |
| Edition statement | 5th ed. |
| 260 ## - PUBLICATION, DISTRIBUTION, ETC. (IMPRINT) | |
| Place of publication, distribution, etc | New York : |
| Name of publisher, distributor, etc | McGraw-Hill Irwin, |
| Date of publication, distribution, etc | c2011. |
| 300 ## - PHYSICAL DESCRIPTION | |
| Extent | xvi, 671 p. : |
| Other physical details | ill. ; |
| Dimensions | 27 cm. + |
| Accompanying material | 2 CD-ROMs (4 3/4 in.) |
| 490 1# - Series Statement | |
| Series statement | The McGraw-Hill/Irwin series operations and decision sciences |
| -- | 29442 |
| 500 ## - GENERAL NOTE | |
| General note | Gray's name appears first on the earlier editions. |
| 500 ## - GENERAL NOTE | |
| General note | Includes index. |
| 520 8# - SUMMARY, ETC. | |
| Summary, etc | This textbook presents a balanced treatment of both the technical and behavioural issues in project management as well as covering a broad range of industries to which project management principles can be applied. |
| 650 #0 - SUBJECT ADDED ENTRY--TOPICAL TERM | |
| Topical term or geographic name as entry element | Project management. |
| 9 (RLIN) | 29443 |
| 650 #0 - SUBJECT ADDED ENTRY--TOPICAL TERM | |
| Topical term or geographic name as entry element | Time management. |
| 9 (RLIN) | 29444 |
| 650 #0 - SUBJECT ADDED ENTRY--TOPICAL TERM | |
| Topical term or geographic name as entry element | Risk management. |
| 9 (RLIN) | 29445 |
| 653 ## - INDEX TERM--UNCONTROLLED | |
| Resource For college | |
| Arrived date list | March2012 |
| 700 1# - ADDED ENTRY--PERSONAL NAME | |
| Personal name | Gray, Clifford F. |
| 9 (RLIN) | 29446 |
| 700 1# - ADDED ENTRY--PERSONAL NAME | |
| Personal name | Gray, Clifford F. |
| Title of a work | Project management. |
| 9 (RLIN) | 29447 |
| 942 ## - ADDED ENTRY ELEMENTS (KOHA) | |
| Source of classification or shelving scheme | Dewey Decimal Classification |
| Item type | Book - Borrowing |
| Withdrawn status | Item status | Source of classification or shelving scheme | Damaged status | Not for loan | Vendor | Home library | Current library | Shelving location | Date acquired | Source of acquisition | Total Checkouts | Full call number | Barcode | Date last seen | Date last borrowed | Koha item type | Total Renewals | Materials specified (bound volume or other part) |
|---|---|---|---|---|---|---|---|---|---|---|---|---|---|---|---|---|---|---|
| Dewey Decimal Classification | Baccah | Central Library | Central Library | First floor | 21/03/2012 | 1 | 658.404 LAR | 000026512 | 15/07/2025 | 05/10/2022 | NB - Book (Non borrowing) | |||||||
| Dewey Decimal Classification | Baccah | Central Library | Central Library | First floor | 21/03/2012 | 658.404 LAR | 000026513 | 24/08/2022 | CD | DVD - With book (NB) | |||||||||
| Dewey Decimal Classification | Baccah | Central Library | Central Library | First floor | 21/03/2012 | 11 | 658.404 LAR | 000026514 | 15/07/2025 | 14/04/2025 | Book - Borrowing | 46 | ||||||
| Dewey Decimal Classification | Baccah | Central Library | Central Library | First floor | 21/03/2012 | 658.404 LAR | 000026515 | 24/08/2022 | CD | DVD - With book | |||||||||
| Lost | Dewey Decimal Classification | Baccah | Central Library | Central Library | First floor | 25/03/2012 | 658.404 LAR | 000026523 | 25/03/2012 | Book - Borrowing | Lost In Inventory_2015-8-23 | |||||||
| Dewey Decimal Classification | Baccah | Central Library | Central Library | First floor | 25/03/2012 | 658.404 LAR | 000026524 | 24/08/2022 | CD | DVD - With book | |||||||||
| Dewey Decimal Classification | Baccah | Central Library | Central Library | First floor | 25/03/2012 | 13 | 658.404 LAR | 000026525 | 15/07/2025 | 05/10/2022 | Book - Borrowing | 65 | ||||||
| Dewey Decimal Classification | Baccah | Central Library | Central Library | First floor | 25/03/2012 | 658.404 LAR | 000026526 | 24/08/2022 | CD | DVD - With book |